| 000 | 00385nam a2200157 4500 | ||
|---|---|---|---|
| 001 | 46117 | ||
| 090 | _a46117 | ||
| 100 | _a20260526 pory50 | ||
| 101 | _aesp | ||
| 102 | _aESP | ||
| 200 |
_aPequeña Historia de España _fManuel Fernàndez Álvarez |
||
| 210 |
_aBarcelona _cEspasa , Editorial Planeta _d2023 |
||
| 215 | _a286 p. | ||
| 675 | _a94(460) | ||
| 801 |
_aPT _gRPC |
||
| 990 | _cLIVROS | ||